000
00337 a2200157 4500
001
179961
020
_a
040
_c
Magnum
100
_a
Conover, Chris
240
1
0
_a
A filha do feiticeiro
_l
por
245
1
0
_a
A filha do feiticeiro
362
0
_a
1899
440
1
_a
Ática
697
_a
MAGNITO: IJ/LENDAS, FOLCLORE
942
_c
BK
999
_c
179961
_d
179961